HSV Toptorschützen in der Bundesliga - Statistiken

Allgemein
  • Dieses Quiz wurde 112 mal gespielt
    6 seit der letzten Aktualisierung
  • Das Durchschnittsergebnis liegt bei 33 aus 63
Antwortstatistiken
Saison Nationalität Antwort % Korrekt
1982/83 (18 Tore) GER Horst Hrubesch
100%
1981/82 (27 Tore) GER Horst Hrubesch
100%
1980/81 (17 Tore) GER Horst Hrubesch
100%
1979/80 (21 Tore) GER Horst Hrubesch
100%
2007/08 (14 Tore) CRO Ivica Olic
100%
2005/06 (10 Tore) BIH Sergej Barbarez
100%
2004/05 (11 Tore) BIH Sergej Barbarez
100%
2000/01 (22 Tore) BIH Sergej Barbarez
100%
1971/72 (11 Tore) GER Uwe Seeler
100%
1969/70 (17 Tore) GER Uwe Seeler
100%
1968/69 (23 Tore) GER Uwe Seeler
100%
1967/68 (12 Tore) GER Uwe Seeler
100%
1966/67 (10 Tore) GER Uwe Seeler
100%
1964/65 (14 Tore) GER Uwe Seeler
100%
1963/64 (30 Tore) GER Uwe Seeler
100%
2012/13 (je 12 Tore) LVA Artjoms Rudnevs
80%
2016/17 (je 5 Tore) USA Bobby Wood
80%
2025/26 (7 Tore) POR Fabio Vieira
80%
2012/13 (je 12 Tore) KOR Heung-Min Son
80%
1978/79 (17 Tore) ENG Kevin Keegan
80%
2017/18 (6 Tore) GER Lewis Holtby
80%
2016/17 (je 5 Tore) AUT Michael Gregoritsch
80%
2011/12 (7 Tore) CRO Mladen Petric
80%
2010/11 (11 Tore) CRO Mladen Petric
80%
2009/10 (8 Tore) CRO Mladen Petric
80%
2008/09 (12 Tore) CRO Mladen Petric
80%
2014/15 (je 4 Tore) GER Pierre-Michel Lasogga
80%
2013/14 (13 Tore) GER Pierre-Michel Lasogga
80%
2014/15 (je 4 Tore) NED Rafael van der Vaart
80%
2006/07 (8 Tore) NED Rafael van der Vaart
80%
1999/00 (je 9 Tore) GHA Anthony Yeboah
60%
1998/99 (14 Tore) GHA Anthony Yeboah
60%
2016/17 (je 5 Tore) GER Nicolai Müller
60%
2015/16 (9 Tore) GER Nicolai Müller
60%
2003/04 (11 Tore) ARG Bernardo Romeo
40%
2002/03 (14 Tore) ARG Bernardo Romeo
40%
2001/02 (8 Tore) ARG Bernardo Romeo
40%
1993/94 (14 Tore) GER Thomas von Heesen
40%
1986/87 (12 Tore) GER Thomas von Heesen
40%
1984/85 (15 Tore) GER Thomas von Heesen
40%
1987/88 (11 Tore) GER Bruno Labbadia
20%
1983/84 (15 Tore) GER Dieter Schatzschneider
20%
1992/93 (8 Tore) GER Karsten Bäron
20%
1999/00 (je 9 Tore) GER Roy Präger
20%
1991/92 (9 Tore) GER Armin Eck
0%
1977/78 (14 Tore) GER Ferdinand Keller
0%
1972/73 (11 Tore) GER Franz-Josef Hönig
0%
1970/71 (13 Tore) GER Franz-Josef Hönig
0%
1973/74 (8 Tore) GER Georg Volkert
0%
1999/00 (je 9 Tore) GER Hans-Jörg Butt
0%
1996/97 (8 Tore) GER Harald Spörl
0%
1995/96 (14 Tore) GER Harald Spörl
0%
1997/98 (10 Tore) BIH Hasan Salihamidzic
0%
1958/86 (11 Tore) GER Heinz Gründel
0%
1974/75 (je 8 Tore) GER Horst Bertl
0%
1990/91 (20 Tore) POL Jan Furtok
0%
1989/90 (10 Tore) POL Jan Furtok
0%
1994/95 (9 Tore) GER Jörg Albertz
0%
1965/66 (18 Tore) GER Manfred Pohlschmidt
0%
1975/76 (9 Tore) GER Peter Nogly
0%
1988/89 (15 Tore) GER Uwe Bein
0%
1976/77 (15 Tore) GER Willi Reimann
0%
1974/75 (je 8 Tore) GER Willi Reimann
0%
Keine übereinstimmenden Quizze gefunden
Verteilung der Resultate
Anzahl Personen mit jedem Resultat
Perzentil nach korrekt beantworteten Fragen
Ihre Resultats-Entwicklung
Sie haben dieses Quiz seit der letzten Aktualisierung nicht gespielt